000 00710nam a2200289Ia 4500
005 20260324131710.0
008 008 260324s9999 xx 000 0 eng d
020 _a9781315632186
037 _aEBOOK
040 _aCRL
040 _beng
040 _cCRL
041 _2eng
041 _aeng
084 _qCRL
100 _aCharles C. Lemert; Anne Rawls; Harold Garfinkel
_91186488
245 0 _aSeeing Sociologically
245 4 _bThe Routine Grounds of Social Action
260 _bTaylor and Francis
260 _c2006
365 _a
365 _b325
856 _uhttp://www.taylorfrancis.com/books/9781315632186
942 _cEBOOK
999 _c1783900
_d1783900